Rubber Board of India an outstanding success (Record no. 67487)

MARC details
000 -LEADER
fixed length control field 00283nam a2200109Ia 4500
245 #0 - TITLE STATEMENT
Title Rubber Board of India an outstanding success
260 ## - PUBLICATION, DISTRIBUTION, ETC. (IMPRINT)
Name of publisher Indian Rubber Journal
Year of publication 2008
300 ## - PHYSICAL DESCRIPTION
Number of Pages 16-21
650 ## - SUBJECT ADDED ENTRY--TOPICAL TERM
Topical Term Rubber Board
942 ## - ADDED ENTRY ELEMENTS (KOHA)
Koha item type Journals
Holdings
Withdrawn status Lost status Damaged status Not for loan Home library Current library Shelving location Date acquired Serial Enumeration / chronology Koha item type
      Journals RRII Library RRII Library Rubber general 19/06/2008 Volume 115, Issue Ma-Ju Journals